000 00731nam a2200241Ia 4500
003 OSt
005 20220926011114.0
006 a|||||r|||| 00| 0
007 ta
008 220923b |||||||| |||| 00| 0 eng d
037 _cGeneral Book
040 _aRTL
_cRTL
_beng
041 _2eng
_aeng
082 _aX61.73.N58t, K3
100 _aBrown E. C. et al...
_9313570
245 0 _aStabilization policies
260 _aNew Jersey
_bPrentice-Hall
_c1963
300 _a558p.
_ccm.
500 _aUnited States Commission on money and credit supporting paper, 2.
650 _aEconomics-Money-United States
942 _hX61.73.N58t, K3
_cGB
_2CC
999 _c619127
_d619127